[Event "Tata Steel-A 81st"]
[Site "Wijk aan Zee"]
[Date "2019.01.22"]
[Round "9"]
[White "Mamedyarov, Shakhriyar"]
[Black "Duda, Jan Krzysztof"]
[Result "1/2-1/2"]
[WhiteElo "2817"]
[BlackElo "2738"]
[Annotator "Fernandez,D"]
[PlyCount "61"]
[EventDate "2019.01.12"]
[EventType "tourn"]
[EventRounds "13"]
[EventCountry "NED"]
[EventCategory "21"]
[SourceTitle "CBM 188"]
[Source "ChessBase"]
[SourceDate "2018.12.21"]
[SourceVersion "1"]
[SourceVersionDate "2018.12.21"]
[SourceQuality "1"]

1. d4 Nf6 2. c4 e6 3. Nf3 d5 4. Nc3 dxc4 5. e4 Bb4 (5... b5 $5 {was Black's
previous choice, against a member of present company:} 6. e5 Nd5 7. Nxb5 Nb6 8.
Be2 Nc6 9. O-O Be7 10. Qd2 O-O 11. Qf4 $40 {Ding,L-Duda,J Batumi 2018}) 6. Bxc4
(6. Bg5 c5 7. e5 cxd4 (7... h6 $5) 8. Nxd4 Qa5 9. exf6 Bxc3+ 10. bxc3 Qxg5 11.
fxg7 Qxg7 {This position was a tabiya of the early 2010's.} 12. Qd2 $14) 6...
Nxe4 7. O-O Nf6 8. Qa4+ Nc6 9. Bg5 (9. Ne5 a5 (9... Bd6 $1 $146 {seems better})
10. d5 exd5 11. Nxc6 bxc6 12. Nxd5 Nxd5 13. Qxc6+ Bd7 14. Qxd5 O-O 15. Bg5 $14
{Svane,R-Meier,G Dresden 2017}) 9... Bxc3 10. bxc3 O-O 11. Ne5 Qd6 12. Rfe1 Nd5
13. Bxd5 exd5 14. Nxc6 {Commencing an exchanging combination that leaves the
position completely devoid of life.} Qxc6 15. Qxc6 bxc6 16. Bf4 Bf5 17. Bxc7
Rfe8 18. f3 f6 19. Kf2 Kf7 20. Rxe8 Rxe8 21. Re1 Rxe1 22. Kxe1 a6 23. a3 h5 24.
h4 Ke6 25. Bh2 Kd7 26. Bb8 Ke6 27. Bh2 Kd7 28. Bb8 Ke6 29. Bh2 Kd7 30. Bb8 Ke6
31. Bh2 1/2-1/2

[Event "Tata Steel-A 81st"]
[Site "Wijk aan Zee"]
[Date "2019.01.25"]
[Round "11"]
[White "Giri, Anish"]
[Black "Shankland, Samuel L"]
[Result "1-0"]
[WhiteElo "2783"]
[BlackElo "2725"]
[Annotator "Yermolinsky,A"]
[PlyCount "89"]
[EventDate "2019.01.12"]
[EventType "tourn"]
[EventRounds "13"]
[EventCountry "NED"]
[EventCategory "21"]
[SourceTitle "CBM 188"]
[Source "ChessBase"]
[SourceDate "2018.12.21"]
[SourceVersion "1"]
[SourceVersionDate "2018.12.21"]
[SourceQuality "1"]

{[%evp 0,89,32,28,22,13,18,24,24,0,5,17,5,-8,30,5,0,1,-10,-24,-17,-17,-11,-19,
-12,-17,-2,-17,-16,-7,0,-3,0,-20,-24,0,5,7,12,17,26,23,26,35,44,37,41,35,52,52,
70,-10,-3,-11,-17,-5,-9,-17,18,21,24,17,22,53,43,37,30,39,33,40,37,37,40,48,50,
48,62,65,143,169,231,218,268,270,331,379,415,415,419,419,425,492]} 1. e4 e5 2.
Nf3 Nc6 3. Bc4 Bc5 4. d3 Nf6 5. Nc3 d6 6. Na4 {One possible idea in the Giuoco
Pianissimo.} Qe7 7. a3 Be6 (7... a6 8. Nxc5 dxc5 9. Be3) 8. Bxe6 Qxe6 9. b4 Bb6
10. O-O O-O 11. c4 Nd7 12. Bb2 Nd4 13. Nd2 f5 14. Rc1 c5 {Sam stays solid,} ({
He must have rejected} 14... f4 $5 {on account of} 15. c5 dxc5 16. Nxc5 Bxc5
17. bxc5 {and now} f3 {meets with} 18. Bxd4 fxg2 19. Kxg2 exd4 20. f4) 15. exf5
Nxf5 16. Ne4 $14 cxb4 $6 {This concession didn't seem forced at all.} 17. Nxb6
axb6 18. axb4 Qg6 {[#] Black has to generate some threats against the white
king.} 19. Ra1 {Perhaps Anish gave too much respect to the Ra2 idea.} (19. Re1
Nf6 (19... Nh4 20. Ng3 Ra2 21. Qb3) 20. Nxf6+ Rxf6 21. Re4 Raf8 22. f3 $14)
19... Rxa1 20. Bxa1 Nf6 21. Nxf6+ Rxf6 22. Qf3 Nh4 $1 23. Qd5+ Kh8 $5 {[#]
Moving the king away from the centre is risky because the queen can be traded
any moment.} (23... Qf7 24. Qxf7+ Kxf7 25. b5 Rg6) 24. f4 $1 {A beautiful
rejoinder.} h6 $1 (24... Rxf4 25. Rxf4 exf4 26. Qxb7) 25. Qe4 {White is taking
the game into a minor piece ending where he will be the one with winning
chances.} Qxe4 26. dxe4 Rxf4 27. Rxf4 exf4 28. e5 (28. Bd4 {is ineffective on
account of} b5 29. cxb5 Kg8) 28... dxe5 29. Bxe5 Ng6 30. Bc7 b5 31. cxb5 Kg8
32. Kf2 Kf7 33. Kf3 Nh4+ {This appears to have been played too soon. Why
invite the white king forward?} ({A long line,} 33... Ke6 34. Ke4 Nh4 35. Bxf4
Nxg2 36. Bg3 g5 37. Kf3 Nf4 38. Bxf4 gxf4 39. Kxf4 Kd5 {leads to a draw.}) 34.
Kxf4 Nxg2+ 35. Ke5 Ke7 36. Bd6+ Ke8 $1 {A couple of good ones from Sam.} 37.
Ke6 g5 38. Kf6 Kd7 {Shankland enter a line all of us thought would be drawn.} (
38... Nh4 39. Bb8 Kd7 40. Kg7 Nf5+ 41. Kg6 Ke6 42. Bg3 Ne3 43. Kxh6 Kf5 $11)
39. Bf8 Nh4 40. Bxh6 Nf3 41. h3 {A standard way of trapping the knight.} Ng1
42. Bxg5 Nxh3 43. Be3 {The job is done, but the peculiar position of the
queenside pawn prevents White from winning.} Kd6 44. Kf5 Kd5 45. b6 $5 {
A pretty smart choice from Giri.} ({He had no doubt Shakland would have found} 
45. Bc5 b6 $1 {a forced way to eliminate the rest of the pawns.} (45... Kc4 {
is also good enough.} 46. Kg4 Nf2+ 47. Bxf2 Kxb4 48. b6 Kc4 49. Kf5 Kd5 50. Bg3
Kc6 51. Bc7 Kd7) 46. Bxb6 Kc4 47. Bc5 Kxb5 48. Kg4 Nf2+) (45. b6 {In reply
Shankland shockingly resigned the game. Of course, in hindsight we all realize
it doesn't matter how many b-pawns are there, as long as the front one is on
b6.} Kd6 $11 {heading for c8.}) 1-0